Portraits de femmes / (Record no. 164373)

MARC details
000 -LEADER
campo de control de longitud fija 00681nam a22001935i 4500
001 - NÚMERO DE CONTROL
campo de control 164373
003 - IDENTIFICADOR DE NÚMERO DE CONTROL
campo de control ES-MaACL
005 - FECHA Y HORA DE LA ÚLTIMA TRANSACCIÓN
campo de control 20251005063130.0
008 - DATOS DE LONGITUD FIJA--INFORMACIÓN GENERAL
campo de control de longitud fija 050802s1862 fr | |||||||| ||fre d
040 ## - FUENTE DE CATALOGACIÓN
Centro catalogador/agencia de origen CAM
Lengua de catalogación spa
Centro/agencia transcriptor CAM
100 1# - ENTRADA PRINCIPAL--NOMBRE DE PERSONA
Nombre de persona Sainte-Beuve, Charles-Augustin,
Fechas asociadas al nombre 1804-1869
9 (RLIN) 162958
245 10 - MENCIÓN DEL TÍTULO
Título Portraits de femmes /
Mención de responsabilidad, etc. par C.-A. Sainte-Beuve.
250 ## - MENCION DE EDICION
Mención de edición Nouvelle éd. rev. et corr.
260 ## - PUBLICACIÓN, DISTRIBUCIÓN, ETC.
Lugar de publicación, distribución, etc. Paris :
Nombre del editor, distribuidor, etc. Garnier Frères, libraires-éditeurs,
Fecha de publicación, distribución, etc. 1862 (
Fabricante Imprimerie de P.-A. Bourdier et C.)
300 ## - DESCRIPCIÓN FÍSICA
Extensión 482, [2] p. ;
Dimensiones 18 cm.
650 ## - PUNTO DE ACCESO ADICIONAL DE MATERIA--TÉRMINO DE MATERIA
Término de materia o nombre geográfico como elemento de entrada Mujeres-
Subdivisión geográfica Francia-
Subdivisión de forma Biografías.
9 (RLIN) 157311
852 ## - LOCALIZACIÓN
Ubicación ES-MaACL
Número de control de estantería G-15880
Nota libre -- Enc. hol.
Holdings
Estatus retirado Estado de pérdida Estado de daño No para préstamo Colección Biblioteca de origen Biblioteca actual Ubicación en estantería Fecha de adquisición Fuente de adquisición Total de préstamos Signatura topográfica completa Código de barras Visto por última vez Precio de reemplazo Tipo de ítem Koha
        Libros del s. XIX Biblioteca del Ateneo de Madrid Biblioteca del Ateneo de Madrid Sala Pecera Planta 3 17/01/2008     G-15880 1172288 23/02/2023 23/02/2023 Libro impreso antiguo